000 00613nam a2200241 a 4500
001 nice12345678
003 IN_TiNIC
005 20260116012356.0
008 050524s1982 bana grp 000 0 eng
020 _a
_c20
082 0 0 _a239
_bPHI
100 _aPhilip, T V
245 _aKrishna Mohan Banerjea
_b Christian Apologist.
260 _aBangalore
_bChristian Instt.For Study of Religion
_c1982
300 _a201p
500 _aincludes index and biblioraphy
505 2 _aBibliography, Index.
650 _aApologetics
700 1 _aPhilip, T V
902 _bSRS
942 _cBK
999 _c6761
_d6761